000 00865nam a2200265 i 4500
999 _c20387
_d20387
001 3727674
003 OSt
005 20200515123026.0
008 800815s1979 enkab 000 0 eng
010 _a 80489500
015 _aGB80-04000
020 _a0704322234 :
_c£5.95
040 _aDLC
_coclc
_dDLC
043 _aa-su---
050 0 0 _aDS208
_b.K34
082 0 0 _a915.380453
_219
_bKAY/S
100 _aKay, Shirley
_92369
245 1 0 _aSaudi Arabia /
_c Shirley Kay ; drawings by Malin Basil.
260 _aLondon :
_bNamara Publications Limited,
_c1979.
300 _a149 p. :
_bill., map ;
_c23 cm.
650 0 _92271
_aHistory & geography
_vIslamic History
651 0 _aSaudi Arabia
_xDescription and travel.
906 _a7
_bcbc
_corignew
_d4
_encip
_f19
_gy-gencatlg
942 _2ddc
_cBK
_h915.380453
_iKAY/S
_k915.380453
_mKAY/S